000 00211 a2200109 4500
020 _a9788493824075
041 _aspa
100 _aMar Pavon
245 _aPuede pasarle a cualquiera
942 _cBK
952 _71
999 _c24064
_d24064